[Event "Wroclaw Open"]
[Site "?"]
[Date "2017.08.16"]
[Round "2.1"]
[White "Widla, Piotr"]
[Black "Grabarczyk, Miroslaw"]
[Result "1/2-1/2"]
[BlackElo "2441"]
[WhiteElo "2029"]
[LiveChessVersion "1.4.6"]

1. e4 {[%clk 1:30:54]} e5 {[%clk 1:30:51]} 2. Nf3 {[%clk 1:31:06]} Nc6
{[%clk 1:31:09]} 3. d4 {[%clk 1:31:31]} exd4 {[%clk 1:31:25]} 4. Nxd4
{[%clk 1:31:56]} Bc5 {[%clk 1:28:19]} 5. Be3 {[%clk 1:31:58]} Qf6
{[%clk 1:28:17]} 6. c3 {[%clk 1:32:19]} Nge7 {[%clk 1:27:04]} 7. Bc4
{[%clk 1:30:02]} Bb6 {[%clk 1:26:30]} 8. O-O {[%clk 1:26:05]} O-O
{[%clk 1:25:41]} 9. Nxc6 {[%clk 1:15:28]} bxc6 {[%clk 1:25:27]} 10. Bd4
{[%clk 1:11:02]} Qh4 {[%clk 1:15:59]} 11. Re1 {[%clk 1:03:13]} Rb8
{[%clk 1:03:26]} 12. b3 {[%clk 0:45:12]} d5 {[%clk 0:52:39]} 13. g3
{[%clk 0:36:54]} Qh6 {[%clk 0:47:45]} 14. Bd3 {[%clk 0:28:30]} Bh3
{[%clk 0:39:57]} 15. Qd2 {[%clk 0:26:00]} Qh5 {[%clk 0:36:14]} 16. Qd1
{[%clk 0:17:25]} Qxd1 {[%clk 0:30:14]} 17. Rxd1 {[%clk 0:17:52]} Rfd8
{[%clk 0:30:28]} 18. Bxb6 {[%clk 0:14:02]} axb6 {[%clk 0:30:12]} 19. Na3
{[%clk 0:14:17]} Bg4 {[%clk 0:25:42]} 20. Re1 {[%clk 0:14:41]} d4
{[%clk 0:25:56]} 21. cxd4 {[%clk 0:12:37]} Rxd4 {[%clk 0:26:15]} 22. Be2
{[%clk 0:12:58]} Be6 {[%clk 0:22:42]} 23. Bc4 {[%clk 0:12:13]} Ra8
{[%clk 0:17:09]} 24. Rad1 {[%clk 0:10:48]} Rxd1 {[%clk 0:16:24]} 25. Rxd1
{[%clk 0:11:15]} Ng6 {[%clk 0:09:46]} 26. Nc2 {[%clk 0:05:38]} Bxc4
{[%clk 0:07:51]} 27. bxc4 {[%clk 0:06:07]} Kf8 {[%clk 0:07:22]} 28. f4
{[%clk 0:05:31]} Ke8 {[%clk 0:07:23]} 29. Nb4 {[%clk 0:05:36]} Ne7
{[%clk 0:07:37]} 30. c5 {[%clk 0:02:02]} Ra4 {[%clk 0:06:36]} 31. cxb6
{[%clk 0:01:59]} cxb6 {[%clk 0:06:58]} 32. Rb1 {[%clk 0:02:24]} Kd7
{[%clk 0:04:35]} 33. Rb2 {[%clk 0:02:50]} c5 {[%clk 0:04:13]} 34. Nd3
{[%clk 0:02:48]} Kc7 {[%clk 0:04:34]} 35. Re2 {[%clk 0:01:44]} Nc6
{[%clk 0:03:44]} 36. f5 {[%clk 0:01:48]} c4 {[%clk 0:02:30]} 37. Nf4
{[%clk 0:02:11]} Nb4 {[%clk 0:02:15]} 38. Rb2 {[%clk 0:02:24]} Kc6
{[%clk 0:02:10]} 39. e5 {[%clk 0:01:22]} c3 {[%clk 0:02:15]} 40. Rb3
{[%clk 0:01:18]} Nxa2 {[%clk 0:02:40]} 41. Ne2 {[%clk 0:01:15]} c2
{[%clk 0:01:52]} 42. Rb2 {[%clk 0:01:44]} c1=Q+ {[%clk 0:01:08]} 43. Nxc1
{[%clk 0:02:11]} Nxc1 {[%clk 0:01:35]} 44. Rc2+ {[%clk 0:02:39]} Kd5
{[%clk 0:02:00]} 45. Rxc1 {[%clk 0:03:05]} Kxe5 {[%clk 0:02:27]} 46. Rc7
{[%clk 0:03:10]} Ra1+ {[%clk 0:02:14]} 47. Kg2 {[%clk 0:03:36]} Ra2+
{[%clk 0:02:39]} 48. Kh3 {[%clk 0:03:28]} Kf6 {[%clk 0:02:41]} 49. Rc6+
{[%clk 0:03:55]} Kxf5 {[%clk 0:03:07]} 50. Rxb6 {[%clk 0:04:20]} h5
{[%clk 0:03:33]} 51. Rb5+ {[%clk 0:03:01]} Kg6 {[%clk 0:03:58]} 52. Rb6+
{[%clk 0:02:31]} f6 {[%clk 0:03:59]} 53. Rb4 {[%clk 0:02:08]} Kg5
{[%clk 0:03:54]} 54. Rb5+ {[%clk 0:02:06]} Kh6 {[%clk 0:04:15]} 55. Rb6
{[%clk 0:02:02]} Rf2 {[%clk 0:04:36]} 56. Rb4 {[%clk 0:01:21]} g5
{[%clk 0:02:12]} 57. g4 {[%clk 0:01:40]} hxg4+ {[%clk 0:01:48]} 58. Rxg4
{[%clk 0:01:58]} f5 {[%clk 0:01:39]} 59. Rb4 {[%clk 0:01:07]} f4 {[%clk 0:01:52]}
60. Rb8 {[%clk 0:01:11]} Rc2 {[%clk 0:01:50]} 61. Rh8+ {[%clk 0:01:33]} Kg6
{[%clk 0:02:04]} 62. Kg4 {[%clk 0:01:30]} Rc1 {[%clk 0:01:24]} 63. Rg8+
{[%clk 0:01:36]} Kf6 {[%clk 0:01:49]} 64. Rf8+ {[%clk 0:01:56]} Kg7
{[%clk 0:02:07]} 65. Rf5 {[%clk 0:01:01]} Rg1+ {[%clk 0:01:08]} 66. Kh5
{[%clk 0:01:09]} Rg2 {[%clk 0:01:23]} 67. h4 {[%clk 0:01:32]} gxh4
{[%clk 0:01:48]} 68. Kxh4 {[%clk 0:01:32]} Kg6 {[%clk 0:02:14]} 69. Rxf4
{[%clk 0:01:57]} 1/2-1/2

[Event "Wroclaw Open"]
[Site "?"]
[Date "2017.08.16"]
[Round "2.2"]
[White "Sergeev, Vladimir"]
[Black "Motyl, Tomasz"]
[Result "1-0"]
[BlackElo "2027"]
[WhiteElo "2417"]
[LiveChessVersion "1.4.6"]

1. e4 c6 {[%clk 1:30:27]} 2. d4 {[%clk 1:26:44]} d5 {[%clk 1:30:49]} 3. exd5
{[%clk 1:27:09]} cxd5 {[%clk 1:31:12]} 4. Bd3 {[%clk 1:27:34]} Nc6
{[%clk 1:31:23]} 5. c3 {[%clk 1:28:02]} Nf6 {[%clk 1:31:42]} 6. h3
{[%clk 1:28:23]} e5 7. dxe5 {[%clk 1:28:47]} Nxe5 {[%clk 1:31:26]} 8. Nf3 Nxd3+
{[%clk 1:30:13]} 9. Qxd3 {[%clk 1:29:32]} Be7 {[%clk 1:29:13]} 10. O-O
{[%clk 1:29:32]} O-O 11. Nbd2 {[%clk 1:29:37]} Be6 {[%clk 1:22:12]} 12. Nd4
{[%clk 1:27:57]} Re8 {[%clk 1:10:51]} 13. N2b3 {[%clk 1:28:06]} Ne4 14. Bf4
{[%clk 1:28:12]} Bd6 {[%clk 1:08:19]} 15. Bxd6 Qxd6 {[%clk 1:03:38]} 16. Rfe1
{[%clk 1:25:41]} Rad8 17. Rad1 {[%clk 1:23:42]} a6 {[%clk 1:00:49]} 18. Re3
{[%clk 1:13:23]} Bd7 19. Rde1 {[%clk 1:00:23]} f5 {[%clk 0:39:56]} 20. R3e2
{[%clk 0:43:21]} f4 {[%clk 0:27:34]} 21. c4 {[%clk 0:42:28]} Nc5 {[%clk 0:27:28]}
22. Rxe8+ Rxe8 23. Rxe8+ {[%clk 0:42:52]} Bxe8 {[%clk 0:27:53]} 24. Qe2 Bg6
{[%clk 0:17:16]} 25. Nxc5 {[%clk 0:41:26]} Qxc5 {[%clk 0:14:36]} 26. Qe5 Qxc4 27.
Qb8+ {[%clk 0:29:55]} Kf7 {[%clk 0:14:59]} 28. Qxf4+ {[%clk 0:30:22]} Ke7
{[%clk 0:14:01]} 29. Qe5+ {[%clk 0:29:03]} Kf7 {[%clk 0:11:55]} 30. b3
{[%clk 0:23:52]} Qc5 {[%clk 0:07:09]} 31. a4 {[%clk 0:22:07]} b5 {[%clk 0:07:28]}
32. axb5 {[%clk 0:22:03]} axb5 {[%clk 0:07:27]} 33. Kh2 {[%clk 0:21:09]} b4
{[%clk 0:06:55]} 34. f4 Be4 {[%clk 0:07:15]} 35. Qe6+ {[%clk 0:21:03]} Kf8 36.
Qxe4 {[%clk 0:21:23]} dxe4 {[%clk 0:07:09]} 37. Ne6+ {[%clk 0:21:50]} Ke7
{[%clk 0:07:25]} 38. Nxc5 1-0

[Event "Wroclaw Open"]
[Site "?"]
[Date "2017.08.16"]
[Round "2.4"]
[White "Sieciechowicz, Marcin"]
[Black "Van Der Veen, Ronald"]
[Result "1-0"]
[BlackElo "2002"]
[WhiteElo "2408"]
[LiveChessVersion "1.4.6"]

1. d4 {[%clk 1:26:40]} d5 {[%clk 1:30:30]} 2. c4 {[%clk 1:26:30]} c6
{[%clk 1:30:50]} 3. Nf3 {[%clk 1:26:55]} Nf6 {[%clk 1:31:12]} 4. Nc3
{[%clk 1:27:20]} dxc4 {[%clk 1:31:33]} 5. a4 {[%clk 1:27:42]} Bf5
{[%clk 1:31:52]} 6. Ne5 {[%clk 1:28:05]} Nbd7 {[%clk 1:32:04]} 7. Nxc4
{[%clk 1:28:27]} Nb6 {[%clk 1:32:19]} 8. Ne5 {[%clk 1:28:42]} a5 {[%clk 1:32:28]}
9. Bg5 {[%clk 1:28:59]} g6 {[%clk 1:31:20]} 10. e3 {[%clk 1:27:59]} Bg7
{[%clk 1:30:40]} 11. Bd3 {[%clk 1:28:10]} Be6 {[%clk 1:25:49]} 12. O-O
{[%clk 1:25:39]} O-O {[%clk 1:25:11]} 13. Bh4 {[%clk 1:24:08]} Nfd7
{[%clk 1:21:15]} 14. Nf3 {[%clk 1:18:20]} c5 {[%clk 1:12:26]} 15. Be4
{[%clk 1:16:06]} Nc4 {[%clk 1:08:19]} 16. Ng5 {[%clk 1:07:11]} Nd6
{[%clk 0:58:16]} 17. Nxe6 {[%clk 1:05:30]} fxe6 {[%clk 0:57:18]} 18. Qg4
{[%clk 1:04:19]} Nf5 {[%clk 0:56:07]} 19. d5 {[%clk 1:00:30]} Ne5
{[%clk 0:40:23]} 20. Qh3 {[%clk 0:59:15]} Nxh4 {[%clk 0:30:21]} 21. Qxh4
{[%clk 0:59:30]} Bf6 {[%clk 0:29:58]} 22. Qh3 {[%clk 0:58:54]} exd5
{[%clk 0:29:48]} 23. Nxd5 {[%clk 0:58:33]} Nf7 {[%clk 0:23:07]} 24. Rad1
{[%clk 0:50:57]} Ng5 {[%clk 0:16:09]} 25. Qg4 {[%clk 0:43:37]} Nxe4
{[%clk 0:11:55]} 26. Nxf6+ {[%clk 0:43:21]} Nxf6 {[%clk 0:11:32]} 27. Qe6+
{[%clk 0:43:47]} Rf7 {[%clk 0:10:40]} 28. Rxd8+ {[%clk 0:44:15]} Rxd8
{[%clk 0:11:05]} 29. h3 {[%clk 0:44:09]} Kg7 {[%clk 0:06:50]} 30. Qb6
{[%clk 0:44:25]} Rd2 {[%clk 0:06:53]} 31. Qxa5 {[%clk 0:44:00]} Rxb2
{[%clk 0:06:56]} 32. Qxc5 {[%clk 0:44:24]} e6 {[%clk 0:06:54]} 33. Qe5
{[%clk 0:43:15]} Ra2 {[%clk 0:07:03]} 34. Ra1 {[%clk 0:43:29]} Rxa1+
{[%clk 0:05:58]} 35. Qxa1 {[%clk 0:43:57]} Rc7 {[%clk 0:06:20]} 36. Qe5
{[%clk 0:43:39]} Rc6 {[%clk 0:05:21]} 37. Qb8 {[%clk 0:43:54]} 1-0

[Event "Wroclaw Open"]
[Site "?"]
[Date "2017.08.16"]
[Round "2.5"]
[White "Hetzer, Volkhard"]
[Black "Swicarz, Maciej"]
[Result "0-1"]
[BlackElo "2369"]
[WhiteElo "1980"]
[LiveChessVersion "1.4.6"]

1. c4 {[%clk 1:30:53]} e5 {[%clk 1:28:13]} 2. g3 {[%clk 1:31:15]} Nf6
{[%clk 1:27:32]} 3. Bg2 {[%clk 1:31:39]} Nc6 {[%clk 1:27:11]} 4. Nc3
{[%clk 1:32:03]} Bb4 {[%clk 1:24:14]} 5. Nd5 {[%clk 1:25:17]} Bc5
{[%clk 1:24:23]} 6. d3 {[%clk 1:21:32]} Nxd5 {[%clk 1:19:49]} 7. cxd5
{[%clk 1:21:33]} Ne7 {[%clk 1:20:15]} 8. e3 {[%clk 1:13:34]} c6 {[%clk 1:19:24]}
9. Nf3 {[%clk 1:12:10]} f6 {[%clk 1:14:56]} 10. dxc6 {[%clk 1:10:47]} dxc6
{[%clk 1:15:19]} 11. O-O {[%clk 1:08:32]} O-O {[%clk 1:12:55]} 12. b4
{[%clk 0:50:45]} Bb6 {[%clk 1:12:29]} 13. Bb2 {[%clk 0:46:45]} Be6
{[%clk 1:07:42]} 14. e4 {[%clk 0:44:23]} Qd6 {[%clk 1:04:40]} 15. Qd2
{[%clk 0:30:36]} Rfd8 {[%clk 1:02:48]} 16. Rfd1 {[%clk 0:30:06]} Bg4
{[%clk 1:01:12]} 17. Bc3 {[%clk 0:28:06]} Ng6 {[%clk 0:57:11]} 18. Qb2
{[%clk 0:25:42]} Nf8 {[%clk 0:52:24]} 19. h3 {[%clk 0:17:33]} Bxf3
{[%clk 0:52:01]} 20. Bxf3 {[%clk 0:17:54]} Ne6 {[%clk 0:49:03]} 21. Bg4
{[%clk 0:18:17]} Nc7 {[%clk 0:49:27]} 22. a4 {[%clk 0:18:29]} g6 {[%clk 0:47:07]}
23. h4 {[%clk 0:18:55]} Bd4 {[%clk 0:45:52]} 24. Rac1 {[%clk 0:18:52]} Kg7
{[%clk 0:45:38]} 25. Qb3 {[%clk 0:17:59]} Bxc3 {[%clk 0:42:32]} 26. Qxc3
{[%clk 0:16:43]} h5 {[%clk 0:39:59]} 27. Bh3 {[%clk 0:17:08]} Na6
{[%clk 0:38:33]} 28. b5 Nb4 {[%clk 0:38:27]} 29. Rd2 {[%clk 0:11:44]} Rab8
{[%clk 0:35:57]} 30. Qc4 {[%clk 0:08:42]} a5 {[%clk 0:32:54]} 31. b6
{[%clk 0:07:43]} Qd4 {[%clk 0:30:55]} 32. Qe6 {[%clk 0:06:00]} Re8
{[%clk 0:31:15]} 33. Qc4 {[%clk 0:04:55]} Rbd8 {[%clk 0:30:04]} 34. Qxd4
{[%clk 0:04:46]} Rxd4 {[%clk 0:30:28]} 35. Rc5 {[%clk 0:05:02]} Ra8
{[%clk 0:29:56]} 36. Bf1 {[%clk 0:05:00]} Kf7 {[%clk 0:26:58]} 37. f4
{[%clk 0:05:22]} Ke6 {[%clk 0:27:09]} 38. Kf2 {[%clk 0:03:45]} Kd6
{[%clk 0:26:54]} 39. Rc4 Ra6 {[%clk 0:26:36]} 40. Ke3 {[%clk 0:03:37]} c5
{[%clk 0:26:39]} 41. f5 {[%clk 0:02:52]} gxf5 {[%clk 0:26:59]} 42. exf5
{[%clk 0:03:19]} Nd5+ {[%clk 0:20:07]} 43. Kf2 {[%clk 0:03:41]} Nxb6
{[%clk 0:20:21]} 44. Rxd4+ {[%clk 0:03:52]} exd4 {[%clk 0:20:20]} 45. Rb2
{[%clk 0:03:26]} Nxa4 {[%clk 0:16:04]} 46. Rxb7 {[%clk 0:03:49]} Nc3
{[%clk 0:16:29]} 47. g4 {[%clk 0:02:47]} hxg4 {[%clk 0:16:29]} 48. h5
{[%clk 0:03:12]} Ra8 {[%clk 0:13:42]} 49. h6 {[%clk 0:03:33]} Rh8
{[%clk 0:14:01]} 50. h7 {[%clk 0:03:52]} a4 {[%clk 0:14:16]} 51. Ra7
{[%clk 0:02:55]} a3 {[%clk 0:13:37]} 52. Rxa3 {[%clk 0:03:11]} Rxh7
{[%clk 0:14:00]} 53. Kg3 {[%clk 0:02:15]} Rh1 {[%clk 0:12:24]} 54. Bg2
{[%clk 0:02:37]} Rg1 {[%clk 0:12:49]} 55. Kf2 {[%clk 0:01:44]} Rd1
{[%clk 0:13:07]} 56. Ra6+ {[%clk 0:01:21]} Ke5 {[%clk 0:11:59]} 57. Ra5
{[%clk 0:01:13]} Kf4 58. Bf1 Ke5 0-1

[Event "Wroclaw Open"]
[Site "?"]
[Date "2017.08.16"]
[Round "2.6"]
[White "Piotrowski, Przemyslaw"]
[Black "Madera, Mateusz"]
[Result "1-0"]
[BlackElo "1962"]
[WhiteElo "2335"]
[LiveChessVersion "1.4.6"]

1. e4 {[%clk 1:30:58]} c5 {[%clk 1:30:29]} 2. Nf3 {[%clk 1:31:19]} Nc6
{[%clk 1:31:28]} 3. d4 {[%clk 1:31:40]} cxd4 {[%clk 1:31:56]} 4. Nxd4
{[%clk 1:32:04]} Qc7 {[%clk 1:32:22]} 5. Be3 {[%clk 1:31:13]} Nf6
{[%clk 1:31:43]} 6. Nc3 {[%clk 1:31:25]} a6 {[%clk 1:31:41]} 7. f4
{[%clk 1:29:43]} d6 {[%clk 1:30:22]} 8. Bd3 {[%clk 1:15:47]} e6 {[%clk 1:21:22]}
9. Qf3 {[%clk 1:16:09]} Be7 {[%clk 1:20:39]} 10. O-O-O {[%clk 1:10:13]} O-O
{[%clk 0:58:21]} 11. g4 {[%clk 1:03:03]} Nxd4 {[%clk 0:53:37]} 12. Bxd4
{[%clk 1:03:22]} e5 {[%clk 0:53:37]} 13. fxe5 {[%clk 1:03:47]} dxe5
{[%clk 0:54:05]} 14. Qg3 {[%clk 1:04:08]} Bd6 {[%clk 0:53:31]} 15. Be3
{[%clk 1:03:59]} Be6 {[%clk 0:40:46]} 16. Rhg1 {[%clk 0:57:18]} Rac8
{[%clk 0:37:11]} 17. Qh4 {[%clk 0:41:15]} Be7 {[%clk 0:10:17]} 18. g5
{[%clk 0:41:11]} Nd7 {[%clk 0:10:19]} 19. Nd5 {[%clk 0:41:05]} Bxd5
{[%clk 0:10:26]} 20. exd5 {[%clk 0:41:30]} g6 {[%clk 0:10:12]} 21. Rg3
{[%clk 0:29:48]} Rfe8 {[%clk 0:08:18]} 22. Rf1 {[%clk 0:26:28]} Bc5
{[%clk 0:06:12]} 23. Rxf7 {[%clk 0:25:14]} Bxe3+ {[%clk 0:06:40]} 24. Rxe3
{[%clk 0:25:33]} h5 {[%clk 0:05:01]} 25. Bxg6 {[%clk 0:24:44]} e4
{[%clk 0:05:31]} 26. Qf2 {[%clk 0:24:28]} Qe5 {[%clk 0:01:19]} 27. Rxd7
{[%clk 0:24:26]} Rf8 {[%clk 0:01:45]} 28. Bf7+ {[%clk 0:24:40]} Kh8
{[%clk 0:02:04]} 29. Qf6+ {[%clk 0:24:53]} Qxf6 {[%clk 0:02:18]} 30. gxf6
{[%clk 0:25:18]} 1-0

[Event "Wroclaw Open"]
[Site "?"]
[Date "2017.08.16"]
[Round "2.7"]
[White "Zombirt, Filip"]
[Black "Vypkhaniuk, Ihor"]
[Result "0-1"]
[BlackElo "2333"]
[WhiteElo "1958"]
[LiveChessVersion "1.4.6"]

1. d4 d6 2. Nf3 Nf6 3. c4 g6 4. Nc3 Bg7 5. e4 O-O 6. Be2 Na6 7. O-O e5 8. Re1 Qe8
9. Bf1 Bg4 10. d5 Nb4 11. a3 Bxf3 12. gxf3 Na6 13. b4 Qe7 14. Be3 Nh5 15. Rc1 f5
16. c5 f4 17. Bd2 dxc5 18. Qb3 Qg5+ 19. Kh1 Qh4 20. Kg1 g5 21. b5 Nb8 22. d6+ Kh8
23. dxc7 Nd7 24. Nd5 g4 25. fxg4 Qxg4+ 26. Kh1 f3 27. Qe3 Bh6 28. h3 Ng3+ 29.
fxg3 Bxe3 30. hxg4 Bxd2 31. Red1 Bxc1 32. Rxc1 Nf6 33. Nxf6 Rxf6 34. Rxc5 Rc8 35.
Rxe5 Rxc7 36. g5 Rff7 37. Kg1 Rfe7 38. Rxe7 Rxe7 39. Bd3 Rd7 40. Bc4 Rd2 41. Bd5
b6 42. Kf1 Kg7 43. Ke1 Re2+ 44. Kf1 Kg6 45. Bg8 Kxg5 46. Bxh7 Kg4 0-1

[Event "Wroclaw Open"]
[Site "?"]
[Date "2017.08.16"]
[Round "2.8"]
[White "Kucza, Karol"]
[Black "De Jong, Wietse"]
[Result "1-0"]
[BlackElo "1956"]
[WhiteElo "2320"]
[LiveChessVersion "1.4.6"]

1. Nf3 {[%clk 1:30:56]} d5 {[%clk 1:30:50]} 2. g3 {[%clk 1:31:09]} Nf6
{[%clk 1:31:08]} 3. Bg2 {[%clk 1:31:32]} Bf5 {[%clk 1:31:00]} 4. O-O
{[%clk 1:31:10]} h6 {[%clk 1:30:47]} 5. b3 {[%clk 1:30:11]} Nc6 {[%clk 1:30:52]}
6. Bb2 {[%clk 1:28:24]} e6 {[%clk 1:26:54]} 7. d3 {[%clk 1:24:30]} Bc5
{[%clk 1:26:08]} 8. d4 {[%clk 1:23:12]} Be7 {[%clk 1:25:35]} 9. c4
{[%clk 1:23:11]} Ne4 {[%clk 1:24:00]} 10. Nfd2 {[%clk 1:14:29]} Ng5
{[%clk 1:21:06]} 11. cxd5 {[%clk 1:06:53]} exd5 {[%clk 1:21:25]} 12. Nc3
{[%clk 1:05:57]} Nxd4 {[%clk 1:15:54]} 13. Nxd5 {[%clk 1:05:27]} Bc2
{[%clk 1:15:58]} 14. Qe1 {[%clk 1:05:52]} c5 {[%clk 1:07:40]} 15. Rc1
{[%clk 1:00:04]} Bf5 {[%clk 1:06:39]} 16. Bxd4 {[%clk 0:58:19]} cxd4
{[%clk 1:06:38]} 17. Nc7+ {[%clk 0:58:34]} Kd7 {[%clk 1:04:50]} 18. Nxa8
{[%clk 0:57:51]} Qxa8 {[%clk 1:04:56]} 19. Nc4 {[%clk 0:56:04]} Rd8
{[%clk 1:02:00]} 20. Qa5 {[%clk 0:54:51]} Bh3 {[%clk 0:49:22]} 21. Qb5+
{[%clk 0:54:33]} Ke6 {[%clk 0:49:37]} 22. Qe5+ {[%clk 0:54:55]} Kd7
{[%clk 0:49:55]} 23. Nb6+ {[%clk 0:55:18]} 1-0

[Event "Wroclaw Open"]
[Site "?"]
[Date "2017.08.16"]
[Round "2.9"]
[White "Sondej, Dominik"]
[Black "Nowak, Kamil"]
[Result "1/2-1/2"]
[BlackElo "2318"]
[WhiteElo "1942"]
[LiveChessVersion "1.4.6"]

1. Nf3 d5 2. g3 Nf6 3. Bg2 e6 4. O-O Be7 5. d3 O-O 6. Nbd2 c5 7. e4 Nc6 8. b3 b5
9. a4 b4 10. Bb2 Qc7 11. Qe2 Bb7 12. Rfe1 Rae8 13. Rad1 a5 14. Bxf6 gxf6 15. exd5
exd5 16. Nh4 Nd4 17. Qh5 Nxc2 18. Nf5 Bc8 19. Rxe7 1/2-1/2

[Event "Wroclaw Open"]
[Site "?"]
[Date "2017.08.16"]
[Round "2.10"]
[White "Kowalczyk, Pawel"]
[Black "Schwedek, Tony"]
[Result "1/2-1/2"]
[BlackElo "1920"]
[WhiteElo "2311"]
[LiveChessVersion "1.4.6"]

1. d4 {[%clk 1:30:57]} Nf6 {[%clk 1:29:43]} 2. c4 {[%clk 1:31:26]} g6
{[%clk 1:29:51]} 3. g3 {[%clk 1:31:50]} c6 {[%clk 1:30:14]} 4. Bg2
{[%clk 1:32:15]} d5 {[%clk 1:30:33]} 5. Nc3 {[%clk 1:30:25]} Bg7 {[%clk 1:30:04]}
6. Nf3 {[%clk 1:26:34]} Ne4 {[%clk 1:25:49]} 7. cxd5 {[%clk 1:22:58]} Nxc3
{[%clk 1:26:00]} 8. bxc3 {[%clk 1:23:21]} cxd5 {[%clk 1:26:22]} 9. O-O
{[%clk 1:21:20]} O-O {[%clk 1:26:38]} 10. Re1 {[%clk 1:21:27]} Nc6
{[%clk 1:19:55]} 11. Bf4 {[%clk 1:20:32]} b6 {[%clk 1:14:44]} 12. c4
{[%clk 1:17:15]} e6 {[%clk 1:09:20]} 13. cxd5 {[%clk 1:17:14]} exd5
{[%clk 1:09:40]} 14. Rc1 {[%clk 1:17:41]} Bb7 {[%clk 1:09:34]} 15. Qd2
{[%clk 1:17:50]} Qd7 {[%clk 1:07:34]} 16. Bh6 {[%clk 1:18:12]} Rac8
{[%clk 1:06:46]} 17. Qf4 {[%clk 1:17:56]} Rfe8 {[%clk 1:03:55]} 18. Bxg7
{[%clk 1:12:24]} Kxg7 {[%clk 1:04:15]} 19. h4 {[%clk 1:12:34]} Re4
{[%clk 1:01:41]} 20. Qd2 {[%clk 1:12:52]} Re7 {[%clk 1:01:55]} 21. h5
{[%clk 1:12:05]} h6 {[%clk 1:01:17]} 22. Rc3 {[%clk 1:09:03]} Ba6
{[%clk 0:58:32]} 23. Nh2 {[%clk 1:02:16]} Qd6 {[%clk 0:55:17]} 24. Ng4
{[%clk 1:01:32]} Rh8 {[%clk 0:48:11]} 25. Ne3 {[%clk 0:59:30]} Rhe8
{[%clk 0:48:17]} 26. Bf3 {[%clk 0:59:02]} Re4 {[%clk 0:44:31]} 27. hxg6
{[%clk 0:58:34]} fxg6 {[%clk 0:44:31]} 28. Bxe4 {[%clk 0:58:59]} Rxe4
{[%clk 0:44:52]} 29. Rec1 {[%clk 0:59:24]} Nxd4 {[%clk 0:43:38]} 30. Rc7+
{[%clk 0:59:31]} Kg8 {[%clk 0:43:37]} 31. Kg2 {[%clk 0:59:03]} Bxe2
{[%clk 0:40:06]} 32. Rxa7 {[%clk 0:49:38]} Bf3+ {[%clk 0:39:41]} 33. Kf1
{[%clk 0:49:42]} Be2+ {[%clk 0:39:25]} 34. Qxe2 {[%clk 0:47:50]} Nxe2
{[%clk 0:39:39]} 35. Rc8+ {[%clk 0:48:14]} Qf8 {[%clk 0:40:04]} 36. Rxf8+
{[%clk 0:48:26]} Kxf8 {[%clk 0:40:27]} 37. Nxd5 {[%clk 0:47:35]} b5
{[%clk 0:37:36]} 38. Ra8+ {[%clk 0:44:38]} Kf7 {[%clk 0:37:51]} 39. Ra7+
{[%clk 0:45:06]} Kf8 {[%clk 0:37:52]} 40. Ra5 {[%clk 0:44:37]} Nd4
{[%clk 0:35:59]} 41. Nc3 {[%clk 0:44:57]} Re6 {[%clk 0:31:57]} 42. Nxb5
{[%clk 0:45:08]} Nxb5 {[%clk 0:32:21]} 43. Rxb5 {[%clk 0:45:36]} Ra6
{[%clk 0:32:39]} 44. Rb2 {[%clk 0:46:04]} Kf7 {[%clk 0:32:34]} 45. Ke2
{[%clk 0:46:28]} Ke6 {[%clk 0:32:34]} 46. Kd3 {[%clk 0:43:59]} Kf5
{[%clk 0:31:15]} 47. Kc3 {[%clk 0:43:43]} h5 {[%clk 0:31:08]} 48. Rb5+
{[%clk 0:42:08]} Kg4 {[%clk 0:29:24]} 49. Rb4+ {[%clk 0:37:40]} Kf3
{[%clk 0:27:28]} 50. Rf4+ {[%clk 0:36:28]} Kg2 {[%clk 0:25:58]} 51. a4
{[%clk 0:32:27]} 1/2-1/2

[Event "Wroclaw Open"]
[Site "?"]
[Date "2017.08.16"]
[Round "2.11"]
[White "Engers, Felix"]
[Black "Dowgird, Filip"]
[Result "1-0"]
[BlackElo "2271"]
[WhiteElo "1919"]
[LiveChessVersion "1.4.6"]

1. c4 e5 2. g3 Nf6 3. Bg2 h6 4. e3 Nc6 5. Nc3 Bc5 6. a3 a5 7. Nge2 d6 8. O-O O-O
9. b3 Bf5 10. Bb2 Qd7 11. Nd5 Nxd5 12. cxd5 Ne7 13. d4 exd4 14. Bxd4 Bh3 15. Bxh3
Qxh3 16. Rc1 Bxa3 17. Rxc7 Nxd5 18. Rxb7 Qc8 19. Rb5 Nc7 20. Rb6 Ne6 21. Qa1 Nxd4
22. Nxd4 Bc5 23. Rb5 f5 24. Rxa5 Rxa5 25. Qxa5 Kh7 26. Rd1 f4 27. exf4 Rxf4 28.
Qd2 Rf8 29. b4 Bb6 30. Qd3+ Kh8 31. Rd2 Qg4 32. Nc2 Rf6 33. Re2 Qh5 34. Kg2 d5
35. Rd2 Qe5 36. Nd4 Rf8 37. Nf3 Qd6 38. b5 Rd8 39. Nd4 Rf8 40. Nf5 Qe5 41. Nh4
Rf6 42. Ng6+ Rxg6 43. Qxg6 Qe1 44. Qd3 d4 45. Re2 1-0

[Event "Wroclaw Open"]
[Site "?"]
[Date "2017.08.16"]
[Round "2.12"]
[White "Reza, Wojciech"]
[Black "Van Der Heide, Gerben"]
[Result "1/2-1/2"]
[BlackElo "1908"]
[WhiteElo "2241"]
[LiveChessVersion "1.4.6"]

1. e4 {[%clk 1:30:45]} d6 {[%clk 1:30:52]} 2. d4 {[%clk 1:30:50]} Nf6
{[%clk 1:31:11]} 3. Nc3 {[%clk 1:31:14]} g6 {[%clk 1:31:33]} 4. Bg5
{[%clk 1:30:50]} Bg7 {[%clk 1:31:32]} 5. Qd2 {[%clk 1:31:14]} h6 {[%clk 1:29:53]}
6. Bf4 {[%clk 1:30:47]} g5 {[%clk 1:26:02]} 7. Be3 {[%clk 1:30:39]} Ng4
{[%clk 1:24:05]} 8. h4 {[%clk 1:30:32]} Nxe3 {[%clk 1:22:47]} 9. fxe3
{[%clk 1:25:01]} gxh4 {[%clk 0:57:48]} 10. Nf3 {[%clk 1:21:35]} Nc6
{[%clk 0:50:28]} 11. O-O-O {[%clk 1:16:14]} Bd7 {[%clk 0:46:49]} 12. Qf2
{[%clk 1:07:12]} e6 {[%clk 0:40:32]} 13. Rxh4 {[%clk 0:48:04]} Qe7
{[%clk 0:33:58]} 14. Qg3 {[%clk 0:48:19]} Bf6 {[%clk 0:33:05]} 15. Rh5
{[%clk 0:48:42]} O-O-O {[%clk 0:28:34]} 16. Be2 {[%clk 0:36:09]} Rdg8
{[%clk 0:26:52]} 17. Qf2 {[%clk 0:36:33]} Rg6 {[%clk 0:20:26]} 18. Rdh1
{[%clk 0:35:40]} Rhg8 {[%clk 0:15:31]} 19. R1h2 {[%clk 0:35:56]} Qf8
{[%clk 0:11:30]} 20. Nh4 {[%clk 0:31:11]} Bxh4 {[%clk 0:09:59]} 21. R5xh4
{[%clk 0:31:36]} Qg7 {[%clk 0:09:41]} 22. Bf3 {[%clk 0:31:45]} Ne7
{[%clk 0:09:46]} 23. Rh5 {[%clk 0:27:00]} f6 {[%clk 0:08:48]} 24. Qe2
{[%clk 0:13:33]} e5 {[%clk 0:08:33]} 25. Qc4 {[%clk 0:12:51]} a6 {[%clk 0:05:57]}
26. b3 {[%clk 0:10:11]} Kd8 {[%clk 0:04:59]} 27. Kb2 {[%clk 0:10:01]} Rh8
{[%clk 0:03:39]} 28. R5h4 {[%clk 0:02:02]} Rg5 1/2-1/2